Todo arrasado, todo quemado / (Record no. 179561)

MARC details
000 -LEADER
campo de control de longitud fija 00777nam a2200241 i 4500
001 - NÚMERO DE CONTROL
campo de control 179561
003 - IDENTIFICADOR DE NÚMERO DE CONTROL
campo de control ES-MaACL
005 - FECHA Y HORA DE LA ÚLTIMA TRANSACCIÓN
campo de control 20251015063152.0
008 - DATOS DE LONGITUD FIJA--INFORMACIÓN GENERAL
campo de control de longitud fija 111222s2010 sp |||| | spa d
020 ## - NÚMERO INTERNACIONAL ESTÁNDAR DEL LIBRO
Número Internacional Estándar del Libro 978-84-322-2865-0
080 ## - NÚMERO DE LA CLASIFICACIÓN DECIMAL UNIVERSAL
Número de la Clasificación Decimal Universal 821.111(71)-32"19"
100 1# - ENTRADA PRINCIPAL--NOMBRE DE PERSONA
Nombre de persona Tower, Wells,
Fechas asociadas al nombre 1973-
9 (RLIN) 148796
245 10 - MENCIÓN DEL TÍTULO
Título Todo arrasado, todo quemado /
Mención de responsabilidad, etc. Wells Tower ; traducción del inglés por Ismael Attrache.
250 ## - MENCION DE EDICION
Mención de edición 1ª ed.
260 ## - PUBLICACIÓN, DISTRIBUCIÓN, ETC.
Lugar de publicación, distribución, etc. Barcelona :
Nombre del editor, distribuidor, etc. Seix Barral,
Fecha de publicación, distribución, etc. 2010.
300 ## - DESCRIPCIÓN FÍSICA
Extensión 267 p. ;
Dimensiones 23 cm.
490 1# - MENCIÓN DE SERIE
Mención de serie Biblioteca Formentor
700 0# - ENTRADA AGREGADA--NOMBRE PERSONAL
Nombre de persona Attrache, Ismael.
9 (RLIN) 23775
830 0# - PUNTO DE ACCESO ADICIONAL DE SERIE-TÍTULO UNIFORME
Título uniforme Biblioteca Formentor
9 (RLIN) 180387
852 ## - LOCALIZACIÓN
Ubicación ES-MaACL
Número de control de estantería A-11784
itemnumber 186458
Sublocalización o colección R.146822
Ubicación en estantería Depósito 1
Signatura antigua Olim: N-4789
942 ## - ELEMENTOS DE ENTRADA SECUNDARIOS (KOHA)
Fuente del sistema de clasificación o colocación Clasificación decimal universal
Tipo de ítem Koha Libro impreso
Holdings
Estatus retirado Estado de pérdida Fuente del sistema de clasificación o colocación Estado de daño No para préstamo Biblioteca de origen Biblioteca actual Ubicación en estantería Fecha de adquisición Fuente de adquisición Total de préstamos Signatura topográfica completa Código de barras Visto por última vez Precio de reemplazo Tipo de ítem Koha
    Clasificación decimal universal     Biblioteca del Ateneo de Madrid Biblioteca del Ateneo de Madrid Depósito 1 22/12/2011 Compra   A-11784 1188635 23/02/2023 23/02/2023 Libro impreso